The dynamic earth system / (Record no. 137905)

MARC details
000 -LEADER
fixed length control field 00571nam a22002057a 4500
005 - DATE AND TIME OF LATEST TRANSACTION
control field 20170301143357.0
010 ## - LCCN (DPL NO)
LC control number ENG-117366
020 ## - INTERNATIONAL STANDARD BOOK NUMBER
International Standard Book Number 9788120346550
Terms of availability 450.00
035 ## - SYSTEM CONTROL NUMBER
System control number EN-100898
037 ## - SOURCE OF ACQUISITION
Source of stock number/acquisition DBAD/PUB
082 ## - DEWEY DECIMAL CLASSIFICATION NUMBER
Classification number 550
100 ## - MAIN ENTRY--PERSONAL NAME
Personal name Patwardhan,,A.M.
245 ## - TITLE STATEMENT
Title The dynamic earth system /
Statement of responsibility, etc by A.M. Patwardhan
250 ## - EDITION STATEMENT
Edition statement 3rd ed
260 ## - PUBLICATION, DISTRIBUTION, ETC. (IMPRINT)
Place of publication, distribution, etc Delhi
Name of publisher, distributor, etc PHI Learning
Date of publication, distribution, etc 2012
270 ## - ADDRESS
Address M-97,Connaught Circus
City New Delhi
Postal code 110001
300 ## - PHYSICAL DESCRIPTION
Extent viii,522p.:
Dimensions 23cm(pbk)
Other physical details ill.
500 ## - GENERAL NOTE
General note Includes index
942 ## - ADDED ENTRY ELEMENTS (KOHA)
Source of classification or shelving scheme Dewey Decimal Classification
Item type English Books
Call number suffix PAT
Classification part 550
Holdings
Withdrawn status Lost status Not for loan Collection code Home library Current library Date acquired Source of acquisition Cost, normal purchase price Full call number Barcode Copy number Cost, replacement price Koha item type
      Non-fiction Ashok Vihar Ashok Vihar 01/03/2017 DBAD/PUB 450.00 550 PAT EN-100898 1 450.00 English Books

© Delhi Public Library
Hit Counter
free hit counter